[Event "World Open"]
[Site "?"]
[Date "2021.07.03"]
[Round "5"]
[White "King, Alexander B"]
[Black "Yan, Ruiyang"]
[Result "1-0"]
[WhiteElo "2279"]
[BlackElo "2111"]
[Annotator "King"]
[PlyCount "117"]
[SourceTitle "CL September 2021"]
[SourceDate "2021.09.01"]
[SourceVersion "1"]
[SourceVersionDate "2021.09.01"]
[SourceQuality "1"]

1. d4 Nf6 2. c4 e6 3. g3 $5 {A change from my normal 3.Nc3, which I had played
against Ruiyang in an online team match last year.} d5 4. Nf3 dxc4 5. Bg2 a6 6.
O-O Nc6 {I myself play this setup against the Catalan as Black, but had never
before faced as White.} 7. e3 Rb8 8. Nfd2 {I booked up on this line before the
game - the first round that I had time to prepare for, thanks to the (in my
view oppressively) long time control. It worked like a charm - Ruiyang
followed my preparation all the way to move 17!} e5 9. Bxc6+ bxc6 10. dxe5 Ng4
11. Nxc4 Be6 12. Nbd2 Bb4 13. Qc2 h5 14. b3 h4 15. Nf3 hxg3 16. fxg3 Qd7 17. h4
{White is up a pawn, but Black has the bishop pair, and both sides have
several pawn weaknesses and potentially unsafe kings.} Bc5 18. Kg2 Rd8 ({
Black cannot recoup the pawn with} 18... Bxc4 19. Qxc4 Bxe3 {due to} 20. e6 $1
Qxe6 21. Re1 {winning a piece.}) 19. Ng5 Qd5+ $2 {This leads to an endgame
where Black is down a pawn for nothing; a better try was 19...Be7!?.} 20. e4
Qd3 21. Qxd3 Rxd3 22. Nxe6 fxe6 {DIAGRAM [#] Now all of Black's pawns are
isolated, and if White can complete development and secure his king then he
will have excellent winning chances.} 23. Bf4 Rf8 24. Rfd1 Nf2 25. Rxd3 Nxd3
26. Kf3 Nb4 27. Ke2 Bd4 28. Rd1 c5 29. a3 Nc6 30. Rc1 {I had started off the
game managing my time better than in Round 1, but by now was in similar time
pressure, with only 4 minutes left to reach the time control.} Rf7 31. h5 $1 {
Activating my potential passed pawn on the kingside.} Rf8 32. Rh1 Rh8 33. g4
Rf8 34. Rf1 Bc3 35. Be3 Rxf1 36. Kxf1 Nd4 $2 {Tempting me with a big decision
right before the time control, but I judge correctly.} 37. Bxd4 $1 cxd4 {
With almost no control of the light squares, Black will be stuck waiting
passively while White slowly improves his position.} 38. Ke2 a5 39. Kd3 Kf8 40.
Ke2 Kg8 41. g5 Kh7 42. Kd3 g6 43. h6 $1 {Again the right judgment - White is
not worried about ending up losing these pawns, since Black's bishop is tied
down to the defense of the queenside.} Kh8 44. Nd2 {Here I had an attack of
indecision, and ended up once again draining my clock down to the dregs,
forcing me to subsist for the rest of the game solely on the 30-second
increment.} Bb2 45. Nc4 Bc3 46. Nd6 $1 {Finally going for it. 46...cxd6? is
out of the question for Black, since after 47.exd6 the pawn would be
unstoppable.} Bb2 47. Nf7+ Kg8 48. Nd8 Bxa3 49. Nxe6 Be7 50. Kxd4 {White has
won a second pawn, and Black now has to hold back multiple passed pawns.} c6
51. Ke3 $1 Kh7 (51... Kf7 {again allows a runaway pawn after} 52. h7 $1) 52.
Kf4 Bb4 53. Nd4 c5 54. Nc2 c4 $5 {A last-ditch bid for counterplay, but now
White's pawns stampede up the board.} 55. bxc4 Be7 56. e6 a4 57. Ke5 $1 Bxg5
58. c5 Bd8 59. c6 {A tense but triumphant game, making me feel like I could
still hang with these "young lions" after all.} 1-0

[Event "World Open"]
[Site "?"]
[Date "2021.07.04"]
[Round "7"]
[White "Wagner, Richard"]
[Black "Bryant, Todd"]
[Result "0-1"]
[WhiteElo "2089"]
[BlackElo "2236"]
[Annotator "King"]
[PlyCount "66"]
[SourceTitle "CL September 2021"]
[SourceDate "2021.09.01"]
[SourceVersion "1"]
[SourceVersionDate "2021.09.01"]
[SourceQuality "1"]

1. e4 c5 2. Nf3 d6 3. d4 cxd4 4. Nxd4 Nf6 5. Nc3 g6 6. Be3 Bg7 7. f3 O-O 8. Qd2
Nc6 9. Bc4 Bd7 10. O-O-O Rc8 11. Bb3 Nxd4 12. Bxd4 b5 {The "Topalov Variation",
an alternative to the historical main line 11...Ne5.} 13. Nd5 Nxd5 14. Bxg7
Kxg7 15. exd5 a5 16. a3 Kg8 17. h4 b4 18. axb4 axb4 19. h5 Bf5 20. hxg6 Bxg6
21. Qxb4 Rb8 $5 {A novelty examined by GM Parimarjan Negi in his 2015 1.e4
repertoire book series.} 22. Qc3 ({The only other game to reach this position,
Banzea,A (2313)-Ileana,G (2318) Sovata 2018, continued} 22. Qd4 $2 {after which
} e5 $1 {would have been strong, the idea being} 23. dxe6 $2 Rxb3 $1 24. cxb3
Qg5+ 25. Rd2 Ra8 $1 {with a winning attack.}) 22... Qb6 23. Rh4 Rfc8 {DIAGRAM 
[#]} 24. Bc4 $2 {Leaving c2 vulnerable.} ({Instead Negi's book gives} 24. Rc4
Rxc4 25. Bxc4 Ra8 26. Re1 $5 {with an unclear position.}) 24... Ra8 $2 {
The wrong move order.} ({It was better to include} 24... Qf2 $1 25. Rg4 Ra8 26.
Kb1 {and now} h5 $1 {with the idea of} 27. Rgd4 Bxc2+ $1 28. Qxc2 Ra1+ $1 {
winning material.}) 25. b3 $2 {Further weakening White's king.} (25. Rhd4 $1 {
would prevent ...Qf2.}) 25... Ra2 26. Rg4 Qf2 $1 27. Kb1 Rca8 $6 {Again the
wrong move order.} ({Stronger was} 27... Qa7 $1 {keeping White's bishop pinned
in place, followed by ...Qa3 and only then ...Ra8.}) 28. Bd3 Qa7 29. Kc1 $2 {
Collapsing in a difficult position.} (29. Ra4 $1 {would avoid immediate
disaster, although after} Rxa4 30. bxa4 Qxa4 {White's king is still
dangerously exposed.}) 29... Ra1+ 30. Kd2 Qf2+ 31. Be2 Rxd1+ 32. Kxd1 Ra1+ 33.
Kd2 Qe1+ {White loses his queen.} 0-1

[Event "World Open"]
[Site "?"]
[Date "2021.07.04"]
[Round "6"]
[White "Burke, John M"]
[Black "Bartell, Thomas"]
[Result "1-0"]
[WhiteElo "2625"]
[BlackElo "2488"]
[Annotator "King"]
[PlyCount "113"]
[SourceTitle "CL September 2021"]
[SourceDate "2021.09.01"]
[SourceVersion "1"]
[SourceVersionDate "2021.09.01"]
[SourceQuality "1"]

1. e4 e5 2. Nf3 Nc6 3. Bc4 Bc5 4. O-O Nf6 5. d3 d6 6. c3 h6 7. Re1 O-O 8. Nbd2
a5 9. Nf1 Ne7 10. h3 Ng6 11. Ng3 c6 12. d4 Ba7 $6 ({Black could deconstruct
White's center with} 12... exd4 13. cxd4 Bb4 14. Bd2 Bxd2 15. Qxd2 {and now
the typical "fork trick"} Nxe4 $1 16. Nxe4 d5 {with an equal position.}) 13.
Bd3 Re8 14. Be3 Be6 15. Qd2 Kh7 16. b3 b5 17. Nh2 Kh8 18. f4 $6 {Too hasty.} ({
White should sit on his comfortable space advantage with} 18. Rad1) 18... exf4
19. Bxf4 Nxf4 20. Qxf4 b4 $1 {Loosening up White's dark squares.} 21. Nf3 bxc3
22. Kh1 a4 23. b4 a3 24. Qc1 Nh7 $6 ({Black should continue to pry open the
dark squares with} 24... Qc8 25. Kh2 c5 $1) 25. Qxc3 Ng5 26. Ng1 Qf6 27. N1e2 {
DIAGRAM [#]} Qf2 $2 {Now it is Black's turn to overpress.} ({Instead he could
force an immediate draw with} 27... Nf3 $1 28. gxf3 ({But not} 28. Rf1 $2 Bxd4
$1) 28... Qxf3+ 29. Kh2 Qf2+ 30. Kh1 Qf3+ {since} 31. Kg1 $4 {would run into}
Bxh3 {winning.}) 28. Rf1 Qe3 29. h4 ({Stronger was} 29. Rf4 $1 {when Black has
no good answer to 30.Nf1 trapping Black's queen.}) 29... Nxe4 30. Nxe4 Bg4 31.
Rae1 Rxe4 32. Qxc6 Ree8 33. Ng1 $1 {A hidden tactical resource.} Qxd3 34. Rxe8+
Rxe8 35. Qxe8+ Kh7 36. Qxf7 Bxd4 37. h5 $1 {Another important resource,
forcing simplification into an ending where White's extra exchange will be
decisive.} Bxh5 38. Qf5+ Qxf5 39. Rxf5 Be8 40. Rd5 Be5 41. Nf3 Bf7 42. Ra5 Bc3
43. Ra7 Be8 44. Rb7 Kg6 45. b5 Bf7 46. Ra7 Bb4 47. b6 Bc5 48. Ra6 Bd5 49. Ne5+
$1 Kf5 ({After} 49... dxe5 50. b7+ {comes with check.}) 50. Nd3 Be3 51. Ra5 Ke4
52. Rxd5 $1 Kxd5 53. Nb4+ $1 Ke6 54. b7 Ba7 55. Nc6 Kd7 56. Nxa7 Kc7 57. Nb5+
1-0

[Event "World Open"]
[Site "?"]
[Date "2021.07.04"]
[Round "6"]
[White "Xiong, Jeffery"]
[Black "Niemann, Hans"]
[Result "0-1"]
[WhiteElo "2786"]
[BlackElo "2669"]
[Annotator "King"]
[PlyCount "114"]
[SourceTitle "CL September 2021"]
[SourceDate "2021.09.01"]
[SourceVersion "1"]
[SourceVersionDate "2021.09.01"]
[SourceQuality "1"]

1. d4 Nf6 2. c4 e6 3. g3 d5 4. Bg2 Bb4+ 5. Bd2 Be7 6. Nf3 O-O 7. O-O c6 8. Qc2
Nbd7 9. Rd1 b6 10. Bf4 Bb7 11. Ne5 Nh5 12. Bd2 Nhf6 13. cxd5 cxd5 14. Nc6 Bxc6
15. Qxc6 a6 16. Qc2 Qc8 17. Qd3 b5 18. Rc1 Qb7 19. Nc3 b4 20. Na4 Qb5 $6 {
A risky move that should turn out in White's favor.} 21. Nc5 Nxc5 22. dxc5 $6 (
{Better was the immediate} 22. Qxb5 $1 axb5 23. dxc5 b3 24. a3 Rfc8 25. Bb4 {
when Black's queenside pawns are vulnerable.}) 22... Rfb8 23. c6 Rc8 24. Rc2
Ng4 $2 25. Qxb5 $2 ({Both players missed or underestimated} 25. Qd4 $1 {
avoiding a queen trade and winning two tempi after} Nf6 26. Rac1) 25... axb5
26. e4 ({More solid was} 26. b3 {intending to consolidate slowly.}) 26... b3 $1
27. Rcc1 dxe4 28. axb3 Rxa1 29. Rxa1 f5 {Both sides have pawn weaknesses, but
it soon becomes clear that White will have a harder time defending his.} 30.
Rc1 Ne5 31. c7 Bd6 32. Ba5 Kf7 33. Bf1 Nf3+ 34. Kg2 Nd4 35. Bb6 e5 36. f4 exf3+
37. Kf2 Ne6 38. Kxf3 Bxc7 {Black has won a pawn but it is difficult to convert
it into a win, due to his awkwardly-placed pieces and White's bishop pair.} 39.
b4 g5 40. Kg2 h5 41. Rc6 g4 42. Bc5 Rb8 43. Bd3 e4 44. Bc2 Be5 45. Bb3 Re8 46.
Rb6 Kf6 47. Be3 h4 {DIAGRAM [#]} 48. Rxb5 $2 {The decisive mistake, unpinning
Black's knight.} ({Instead White could simply wait with} 48. Rc6 $5 h3+ 49. Kf1
Bxb2 50. Rb6 {when Black, despite his two extra pawns, cannot untangle his
king, rook, and knight in order to make further progress.}) 48... h3+ 49. Kf2
f4 $1 {Activating the knight and creating a passed pawn.} 50. gxf4 Nxf4 51. Rb7
Ne6 52. Kg1 Bd4 53. Kf2 g3+ $1 54. hxg3 Rh8 55. Bc2 Bxe3+ 56. Kxe3 Ng5 57. Rb6+
Ke7 0-1

[Event "Prague Masters"]
[Site "?"]
[Date "2021.06.17"]
[Round "4"]
[White "Wojtaszek, Radoslaw"]
[Black "Shankland, Sam"]
[Result "1/2-1/2"]
[WhiteElo "2687"]
[BlackElo "2691"]
[Annotator "Shankland"]
[PlyCount "48"]
[EventDate "2021.??.??"]
[SourceTitle "CL September 2021"]
[SourceDate "2021.09.01"]
[SourceVersion "1"]
[SourceVersionDate "2021.09.01"]
[SourceQuality "1"]

{While I ended up winning the tournament with 5.5/7, winning four games, I
actually think the most critical one towards my victory was my draw with
Wojtaszek in round 4. Radek showed very good form and very good preparation
with the white pieces throughout the event, and he was the only player in the
tournament I had ever lost to before. I was in clear first with 2.5/3 and he
was just a half point back, so I knew he would be out for blood.} 1. d4 Nf6 2.
c4 e6 3. Nf3 d5 4. g3 dxc4 5. Bg2 Nc6 {This is a pretty depressing line for
Black to play in the Catalan because he doesn't get many counterchances, and
White has a lot of options to choose from. But I liked its somewhat forcing
nature, and I thought I had worked out all the mainlines to defensible
positions. I generally don't enjoy this kind of chess, but I thought holding
with Black to protect my lead in what I believed would be my toughest game of
the tournament was a worthwhile enough goal to justify this opening choice.} 6.
Qa4 Bb4+ 7. Bd2 Nd5 8. Qc2 $5 {The first surprise. This move is extremely
unusual but not bad at all, and Radek played it pretty fast. I did check it
briefly before the game, but clearly not in enough detail.} (8. Bxb4 {This is
the main move by far.}) 8... b5 9. a4 $1 {Black will struggle to keep his
queenside under control. I still know what I was supposed to play here but I
was worried that I would soon be out of preparation.} Bxd2+ 10. Nbxd2 Ncb4 $1 {
Clearing off of the c6 square allows Black to play c7-c6 next to bolster his
pawn chain.} 11. Qc1 c6 12. b3 $1 c3 {[#]} (12... cxb3 13. Nxb3 {Black is a
pawn up but his position looks totally miserable thanks to the bad bishop, the
weakness of the c5 and e5-squares, and the backwards c-pawn. I wanted no part
of this.}) 13. Ne4 bxa4 {Here, I knew that the machine recommended taking with
the pawn on a4. But this looks like such a stupid and anti-positional move.
Why not take with the rook and make use of the open file, while challenging
the b4-knight in the process? This is a clear example of the shortcomings of
pressing buttons on the computer. If you aren't thinking critically yourself,
you will likely miss natural, human looking moves in your preparation.} 14.
Rxa4 {Radek played this pretty fast as well, so I suspect he was still in
preparation. Here, I understood that the position is very sharp. If White is
able to take on c3 and castle safely, Black is close to lost strategically, so
he must look for a more direct fight. This much I understood, but I did not
find the best way.} c2 $6 {This was not best. My plan was that White will have
to castle and someday play Nf3-e1 to scoop up the c2-pawn, and once this comes,
I will be able to break in the center with e6-e5. It takes some accuracy from
White's end, but he should be able to deal with this idea.} (14... a5 $1 {
This should have been preferred. The point is that after} 15. Nxc3 Ba6 $1 {
White will struggle to castle. I had seen this far but disliked} (15... O-O $2
{This would be a big mistake, as after} 16. O-O Ba6 17. Re1 $16 {White got
everything he wanted.}) 16. Ne4 $1 {When I could not see how to deal with
Qc1-d2 and 0-0 next, and I thought my position would be miserable. I had
missed a very nice tactical resource in} Bb5 $1 17. Ra3 Bd3 $1 {When Black
wins an exchange. White has a lot of compensation and the position remains
very complex, but Black has some extra material for his suffering.}) 15. Qd2 $1
{An accurate move. White was not ready to castle just yet.} (15. O-O $6 f5 $1 {
Nd5-c3 comes next and White will lose an exchange.}) 15... O-O 16. O-O a5 {
[#] This was the first really critical moment of the game for White. Part of
his plan is obvious. He wants to play Ne1 and take my c2-pawn. But he has to
always take care not to run into e6-e5 in response. So, should he play Ne1
right away? I think not. Black is not really threatening to play e6-e5 until
it happens, and White can bring his rook on f1 out of the way first, and even
look for e2-e3 at some point. But where should the rook go?} 17. Rc1 {This is
probably the best move, but during the game I was more concerned about the
rook going to a1.} (17. Ne1 $6 {This is too hasty. After} e5 $1 18. dxe5 $2 (
18. Nxc2 Nxc2 19. Qxc2 Nb4 $1 {Black will take on d4 next, and he should be
fine.}) 18... Nb6 $1 {The c2 pawn is a huge problem all of a sudden and White
is losing material.}) (17. Rfa1 $5 {During the game, this was the move that
concerned me the most. My plan was} Ba6 $1 18. Ne1 (18. Rxa5 $2 {This tempting
move fails to the beautiful resource} Bd3 $1 19. Rxa8 Qxa8 20. Rxa8 Rxa8 {
White White cannot prevent a new queen from showing up.}) 18... Bb5 19. R4a3 e5
(19... Nc7 $1 {The computer found this one, and claims Black is okay. White's
d4 pawn will hang if he takes on c2, and after} 20. e3 e5 $1 {Black gets a
better version of e5 on the previous move.}) 20. dxe5 Qe7 21. Nxc2 Nxc2 22.
Qxc2 Qxe5 {I thought Black was only slightly worse here, but my computer
disagrees.}) 17... Ba6 $6 {This move was based on a miscalculation in a long
line. White would now be much better if he found the way.} 18. Raa1 $2 {
To be honest, I had barely even considered this move. It felt super slow to me,
and I thought White should be trying to take the pawn on c2 more directly.} (
18. Ne1 $1 {This was working. My plan in the game was to play} e5 19. dxe5 (19.
Nxc2 Nxc2 20. Rxc2 Nb4 $11 {Black is certainly fine here.}) 19... Nb6 {[#] A
position like this one highlights why it was so important to get the rook to
c1 before playing Ne1.} 20. Rxa5 $1 {A fearless, but powerful move.} (20. Raa1
$2 {A more calm move would not do. Black is fine after} Qxd2 21. Nxd2 Bxe2 22.
Nxc2 Nd3 $1 $11) 20... Qxd2 21. Nxd2 Bxe2 (21... Rfd8 $2 22. Nxc2 $1 {White
wins. This much I saw.}) 22. Rxa8 Rxa8 23. Nxc2 Nd3 {I had seen this far, and
thought that I was fine with moves like Ra2 and Nxe5 in the air. But I somehow
missed that after} 24. Ra1 $1 Rxa1+ 25. Nxa1 Nxe5 {I have equalized material,
but only for a short moment.} 26. f4 $1 {White wins c6, and probably the game.}
) 18... Qb6 $1 {Now Black's development is much faster, and he is ready for a
rook coming to d8 sooner rather than later. It is not easy at all for White to
scoop up c2 anymore.} 19. Nc5 (19. Ne1 Rfd8 $1 {White cannot take on c2 just
yet.} 20. e3 (20. Nxc2 Nxc2 21. Rxc2 Nb4 $15 {Black will take d4 next. If} 22.
Rc5 f5 $1 {Black wins a piece, as moving the knight would allow Qb6xc5.}) 20...
e5 $1 {The pawn is immune, and Black is getting a lot of counterplay. Since he
had the time to get the rook to the d-file, the e6-e5 break is still the right
idea and it comes with significantly more force than it did a couple moves ago.
} 21. Nxc2 $11 {Black is fine.} (21. dxe5 $2 Nf4 {Black wins.})) 19... Rfd8 20.
e3 {Now theoretically, if White were able to play Ne1 next, I might still have
some problems to solve. But he let me activate my pieces fast enough to cause
him real trouble in the meantime.} Nf6 $1 {Now Nf3-e1 would hang the knight on
c5. In fact, Black can even consider taking it next move anyway, remaining an
exchange down in the endgame but in a situation where the c2-pawn is firmly
secured and there to stay. Already here I felt my position was totally fine.}
21. Qc3 {Now again, Ne1 is a serious threat. On another day and under other
tournament scenarios, I might consider Ba6-e2-d1, securing the c2-pawn at all
costs, but it looked too bizarre to me and I did not see a plan afterwards. I
was happy to take the repetition instead.} Nfd5 {White's queen has no square
other than d2. Anything else would allow Nb4-d3.} 22. Qd2 (22. Qb2 $2 Nd3 $1
23. Nxd3 Bxd3 24. Ne1 Nb4 $1 {Black's c2-pawn will live, and White is in big
trouble.}) 22... Nf6 23. Qc3 Nfd5 24. Qd2 Nf6 {This was certainly my most
stressful game in Prague, and the only one where I ever was really worried
about my position. It could have turned south and I was certainly objectively
in trouble at some point, but I was happy that I managed to make the game
complicated enough that even a very strong white player was unable to find his
way.} 1/2-1/2

[Event "National Open"]
[Site "Las Vegas"]
[Date "2021.06.19"]
[Round "6"]
[White "Guo, Arthur"]
[Black "Gareyev, Timur"]
[Result "1-0"]
[WhiteElo "2473"]
[BlackElo "2692"]
[Annotator "Lang"]
[PlyCount "85"]
[EventDate "2021.??.??"]
[SourceTitle "CL September 2021"]
[SourceDate "2021.09.01"]
[SourceVersion "1"]
[SourceVersionDate "2021.09.01"]
[SourceQuality "1"]
[TimeControl "5400+30"]

1. e4 e5 2. Nf3 Nc6 3. Bb5 a6 4. Ba4 Nf6 5. d3 d6 6. c3 g6 7. O-O Bg7 8. Re1
O-O 9. Nbd2 Rb8 10. Nf1 b5 11. Bc2 h6 12. Ng3 Re8 13. h3 d5 14. d4 exd4 15. e5
d3 16. Qxd3 Ne4 17. Nxe4 Bf5 {DIAGRAM} 18. Qf1 $1 {With this maneuvering, Guo
sets a deep trap that ends in black's queen being the one who is endlessly
pinned} Nxe5 $2 (18... dxe4 {was essential, preventing the pin white set up by
moving the queen off the d-file} 19. Bxe4 Nxe5 20. Nxe5 Rxe5 21. Bxf5 Rxf5 22.
Be3 $10 {without obvious improvements for either side}) 19. Nxe5 Bxe5 (19...
Rxe5 20. Bf4 Re8 21. Rad1 {and white is much better}) 20. Rd1 $1 Bg7 21. f3 b4
22. c4 c6 23. cxd5 cxd5 24. Bb3 Qb6+ 25. Nf2 Rbd8 26. Kh1 Bd7 27. Ng4 $1 {
A nice finesse, ignoring the pawn to both target kingside weaknesses and
simplify the position to one where white's pieces reign supreme} Bb5 28. Qg1
Qxg1+ 29. Kxg1 h5 30. Nf2 Re2 31. Bg5 Rde8 32. Bxd5 Rxb2 33. Ne4 Kf8 34. Rac1
Ba4 35. Re1 Bd4+ 36. Kh1 Bc2 37. Nf6 Rxe1+ 38. Rxe1 Kg7 39. Re7 Rb1+ 40. Kh2
Bg1+ 41. Kg3 h4+ 42. Kxh4 Bf2+ 43. g3 {1-0 Black resigns.} 1-0